Catálogo
 En Linea

La raposa : / (Registro nro. 34584)

Detalles MARC
000 -CABECERA
campo de control de longitud fija 00607nam a2200169 a 4500
001 - NÚMERO DE CONTROL
campo de control 000035093
005 - FECHA Y HORA DE LA ÚLTIMA TRANSACCIÓN
campo de control 20200930074111.0
008 - DATOS DE LONGITUD FIJA--INFORMACIÓN GENERAL
campo de control de longitud fija 111025s1892 sp 000 0 spa d
040 ## - FUENTE DE LA CATALOGACIÓN
Centro catalogador/agencia de origen DO-SdBNP
Lengua de catalogación spa
Centro/agencia transcriptor BNPHU
082 ## - NÚMERO DE LA CLASIFICACIÓN DECIMAL DEWEY
Número de clasificación xxxx
Número de documento/Ítem L768r
100 1# - ENTRADA PRINCIPAL--NOMBRE DE PERSONA
Nombre de persona Monasterio, Ricardo
9 (RLIN) 60758
245 13 - MENCIÓN DE TÍTULO
Título La raposa : /
Mención de responsabilidad, etc. sinete lírico en un acto y tres cuadros, versos y prosa /
-- Ricardo Monasterio ; música Ruperto Chapí.
260 ## - PUBLICACIÓN, DISTRIBUCIÓN, ETC.
Lugar de publicación, distribución, etc. Madrid :
Nombre del editor, distribuidor, etc. R. Velasco, impresor, Rubio,
Fecha de publicación, distribución, etc. 1892.
300 ## - DESCRIPCIÓN FÍSICA
Extensión 47 p. ;
Dimensiones 20 cm.
500 ## - NOTA GENERAL
Nota general Estrenado en el Teatro de Apolo el 27 de abril de 1892
700 12 - PUNTO DE ACCESO ADICIONAL--NOMBRE DE PERSONA
Nombre de persona Chapí, Ruperto
9 (RLIN) 60759
Existencias
Estado de retiro Estado de pérdida Restricciones de uso No para préstamo Código de colección Localización permanente Ubicación/localización actual Ubicación en estantería Fecha de adquisición Número de inventario Total de préstamos Signatura topográfica completa Código de barras Fecha visto por última vez Precio válido a partir de Tipo de ítem Koha
      Excluido de préstamo Monografías: Libros y Folletos General General En catalogación 25.10.2011 LF1   xxxx L768r 35093-10 25.06.2020 25.06.2020 No se presta

Con tecnología Koha